Wireless sensor networks: Architectures and protocols

Spremljeno u:
Bibliografski detalji
Glavni autor: Callaway, Edgar H.
Format: Knjiga
Jezik:Undetermined
Izdano: Boca Raton, FL Auerbach 2004
Teme:
Oznake: Dodaj oznaku
Bez oznaka, Budi prvi tko označuje ovaj zapis!
Thư viện lưu trữ: Trung tâm Học liệu Trường Đại học Cần Thơ
LEADER 00510nam a2200181Ia 4500
001 CTU_59143
008 210402s9999 xx 000 0 und d
082 |a 004.68 
082 |b C156 
100 |a Callaway, Edgar H. 
245 0 |a Wireless sensor networks: Architectures and protocols 
245 0 |c Edgar H. Callaway 
260 |a Boca Raton, FL 
260 |b Auerbach 
260 |c 2004 
650 |a sensor networks,wireless LAN 
904 |i Minh 
980 |a Trung tâm Học liệu Trường Đại học Cần Thơ